000
00347nam a2200157Ia 4500
003
0STCL
008
150530s9999 xx 000 0 und d
040
_a
STCL
_c
STCL
100
_a
Knox Joseph
245
_a
Physico chemical calculations
260
_c
1952
546
_a
English
942
_2
ddc
_c
BK
999
_c
32226
_d
32226
005
20220125170239.0